Global child health advocacy : on the front lines (Record no. 30506)

MARC details
000 -LEADER
fixed length control field 00564nam a2200181Ia 4500
020 ## - INTERNATIONAL STANDARD BOOK NUMBER
ISBN 9781581107807
050 ## - CALL MARK
Classification number RJ 101 .S74/
100 ## - STATEMENT OF RESPONSIBILITY--MAIN AUTHOR NAME
Personal name Edited by Stephen Berman, Judith S. Palfrey, Zulfiqar Bhutta and Adenike O. Grange
245 #0 - TITLE STATEMENT
Title Global child health advocacy : on the front lines
260 ## - PUBLICATION, DISTRIBUTION, ETC. (IMPRINT)
Place of publication United State
260 ## - PUBLICATION, DISTRIBUTION, ETC. (IMPRINT)
Name of publisher American Academy of Pediatrics
260 ## - PUBLICATION, DISTRIBUTION, ETC. (IMPRINT)
Year of publication 2014
300 ## - PHYSICAL DESCRIPTION
Number of Pages 331 p
650 ## - SUBJECT ADDED ENTRY--TOPICAL TERM
Topical Term Children--Health and hygiene. Patient advocacy.
942 ## - ADDED ENTRY ELEMENTS (KOHA)
Koha item type Books
Holdings
Withdrawn status Lost status Source of classification or shelving scheme Damaged status Not for loan Permanent Location Current Location Date acquired Accession Number Price effective from Koha item type
    Library of Congress Classification     NILE UNIVERSITY OF NIGERIA - MAIN LIBRARY NILE UNIVERSITY OF NIGERIA - MAIN LIBRARY 04/23/2025 0194553 04/23/2025 Books